| 000 | 01344 a2200373 4500 | ||
|---|---|---|---|
| 999 |
_c74722 _d11076 |
||
| 001 | 74722 | ||
| 003 | TR-AnTOB | ||
| 005 | 20230619140128.0 | ||
| 008 | 090506s1973 tu 00000 tur | ||
| 035 | _a74722 | ||
| 040 |
_aTR-AnTOB _cTR-AnTOB |
||
| 041 | _atur | ||
| 050 |
_aDR451 _b.K38 1973 |
||
| 090 |
_aDR451 _b.K38 1973 |
||
| 100 | 0 | 0 |
_aKâtip Çelebi, _d1609-1657 _948324 |
| 245 | 1 | 0 |
_aTuhfetü'l-kibar fi esfari'l-bihar : _b(Deniz savaşları hakkında büyüklere armağan) / _cKatip Çelebi ; açıklamalarla yayıma hazırlayan Orhan Şaik Gökyay. |
| 264 |
_aİstanbul : _bBaşbakanlık Kültür Müsteşarlığı, _c1973. |
||
| 300 |
_aXIV, 404 pages ; _c20 cm. |
||
| 336 |
_atext _btxt _2rdacontent |
||
| 337 |
_aunmediated _bn _2rdamedia |
||
| 338 |
_avolume _bnc _2rdacarrier |
||
| 490 | 0 |
_aBaşbakanlık Kültür Müsteşarlığı 1000 Temel Eser Yayınları ; _v71 |
|
| 500 | _aDizin. | ||
| 504 | _aKaynakça: s. [403]-404. | ||
| 590 | _aSayın Celil Güngör tarafından bağışlanmıştır. | ||
| 651 | 7 |
_aTürkiye _xTarih, Denizcilik _2etuturkob _9100022 |
|
| 651 | 7 |
_aTürkiye _xTarih _y1453-1683 _2etuturkob _9110278 |
|
| 700 | 1 |
_aGökyay, Orhan Şaik, _d1902-1994. _f1989. _tSelections _946355 |
|
| 902 | _a0029020 | ||
| 903 | _aMerkez KÜtüphanesi | ||
| 942 |
_cBK _2lcc |
||
| 945 | _aHA, CS | ||